Justices trasitionnelles oser un modèle burundais : (Record no. 54888)
[ view plain ]
| 000 -LEADER | |
|---|---|
| fixed length control field | 00770nam a22002177a 4500 |
| 007 - PHYSICAL DESCRIPTION FIXED FIELD--GENERAL INFORMATION | |
| fixed length control field | 00 |
| 008 - FIXED-LENGTH DATA ELEMENTS--GENERAL INFORMATION | |
| fixed length control field | 160721b xxu||||| |||| 00| 0 eng d |
| 020 ## - INTERNATIONAL STANDARD BOOK NUMBER | |
| International Standard Book Number | 978-2-8028-0212-9 |
| 040 ## - CATALOGING SOURCE | |
| Original cataloging agency | BUAC |
| Transcribing agency | BUC |
| 041 ## - LANGUAGE CODE | |
| Language code of text/sound track or separate title | Fre. |
| 100 ## - MAIN ENTRY--PERSONAL NAME | |
| Personal name | POHU, Anne-Aël |
| 245 ## - TITLE STATEMENT | |
| Title | Justices trasitionnelles oser un modèle burundais : |
| Remainder of title | comment vivre ensemble après un conflit violent? |
| Statement of responsibility, etc | /ss.dir.Anne-Aël POHU, Emmanuel KLIMIS |
| 260 ## - PUBLICATION, DISTRIBUTION, ETC. (IMPRINT) | |
| Place of publication, distribution, etc | Bruxelles : |
| Name of publisher, distributor, etc | Facultés Universitaires Saint-Louis, |
| Date of publication, distribution, etc | 2013 |
| 300 ## - PHYSICAL DESCRIPTION | |
| Extent | 216 p. |
| Dimensions | 23 cm. |
| Accompanying material | 1 CD |
| 440 ## - SERIES STATEMENT/ADDED ENTRY--TITLE | |
| Title | (Collection Travaux et Recherches |
| Number of part/section of a work | 61) |
| 521 ## - TARGET AUDIENCE NOTE | |
| Target audience note | Compr. Annexe. pp. (177 -188) ; Bibliographie de Référence. pp. (189 -197). |
| 630 ## - SUBJECT ADDED ENTRY--UNIFORM TITLE | |
| Uniform title | SCIENCES SOCIALES |
| 650 ## - SUBJECT ADDED ENTRY--TOPICAL TERM | |
| Topical term or geographic name as entry element | Justice |
| 700 ## - ADDED ENTRY--PERSONAL NAME | |
| Personal name | KLIMIS, Emmanuel |
| 942 ## - ADDED ENTRY ELEMENTS (KOHA) | |
| Item type | Livre exclu du prêt |
| Withdrawn status | Lost status | Damaged status | Not for loan | Location (home branch) | Sublocation or collection (holding branch) | Date acquired | Source of acquisition | Coded location qualifier | Koha issues (times borrowed) | Koha full call number | Piece designation (barcode) | Koha date last seen | Copy number | Price effective from | Koha item type |
|---|---|---|---|---|---|---|---|---|---|---|---|---|---|---|---|
| Bibliothèque Universitaire Centrale | Bibliothèque Universitaire Centrale | 22/02/2015 | DON WALLONIE | 15/148 | 347.995 POH | 15-148BUC | 21/07/2016 | 1 | 21/07/2016 | Livre exclu du prêt |